| 000 | 00684 a2200181 4500 | ||
|---|---|---|---|
| 020 | _a1891389157 | ||
| 020 | _a9781891389153 | ||
| 082 | 0 | 4 | _a530.13 |
| 090 |
_c576 _d576 |
||
| 100 | 1 | _aMcQuarrie, Donald Allan. | |
| 245 | 1 | 0 |
_aStatistical mechanics / _cDonald Allan McQuarrie. |
| 250 | _a1st ed. | ||
| 260 |
_a[S.l.] : _bUniversity Science Books, _c2003. |
||
| 300 |
_a640 p. ; _c26 cm. |
||
| 942 |
_aSNS _cBK _k530.13 MCQ |
||
| 999 |
_c29206 _d29206 |
||